000 00589nam a2200229Ia 4500
003 OSt
005 20220924134745.0
006 a|||||r|||| 00| 0
007 ta
008 220923b |||||||| |||| 00| 0 urd d
024 _a286834
037 _cTextual
040 _aARTS
_cARTS
_burd
041 _2urd
_aurd
082 _aL9ck, 168P7
100 _aFaraz Ahamd Kashif
_9209164
245 0 _aBacche ki Nigahrasht ka Encyclopeadia
260 _c2007
650 _aMEDICINE
_94387
942 _hL9ck, 168P7
_cTEXL
_2CC
999 _c438441
_d438441